| 000 | 01419nam a22003377a 4500 | ||
|---|---|---|---|
| 001 | 36333 | ||
| 003 | Ost | ||
| 005 | 20260507154556.0 | ||
| 008 | 251113s9999||||xx |||||||||||||| ||eng|| | ||
| 020 | _a9788180313042 | ||
| 040 | _cnitttr | ||
| 082 |
_a891 _bATI-V |
||
| 100 | _aMahadevi Verma - महादेवी वर्मा | ||
| 245 | 0 | _aAtit Ke Chalchitra - अतीत के चलचित्र | |
| 250 | _a1st Ed. | ||
| 260 |
_aNew Delhi, India _bLokbharti Prakashan _c2008 |
||
| 300 | _a99 p. | ||
| 650 | _a आत्मकथात्मक लेखन | ||
| 650 | _a करुणा और सहानुभूति | ||
| 650 | _a जीवन के छोटे प्रसंगों का चित्रण | ||
| 650 | _a प्रकृति और जीवन के अनुभव | ||
| 650 | _a बचपन और अतीत | ||
| 650 | _a भावनात्मक गहराई | ||
| 650 | _a मानवीय संवेदनाएँ | ||
| 650 | _a संवेदनशीलता और मानवता | ||
| 650 | _a सामाजिक जीवन का चित्रण | ||
| 650 | _a साहित्यिक सरलता और सौंदर्य | ||
| 650 | _a स्त्री अनुभव और दृष्टि | ||
| 650 | _aस्मृतियाँ और संस्मरण | ||
| 942 | _cBK | ||
| 999 |
_c329 _d329 |
||